| 000 | 00387nam a22001457a 4500 | ||
|---|---|---|---|
| 020 | _a9789384007775 | ||
| 040 | _cNUST | ||
| 082 | _a604.2 ANN | ||
| 100 |
_aAnnaiah, M. H. _9112884 |
||
| 110 |
_aKumar, B. Sudheer Prem. Chandrappa, C. N. _9112836 |
||
| 245 | _aEngineering Drawing | ||
| 260 |
_aNew Dehli: _bMed Tech, _c2016. |
||
| 650 |
_aEngineering Drawing _973872 |
||
| 942 |
_2ddc _cBK |
||
| 999 |
_c594871 _d594871 |
||